5HLuxD.jpg

KING HENRY VIII SENIOR AND PRIMARY SCHOOL LIBRARY OPAC

Wings of fire. (Record no. 3543)

000 -LEADER
fixed length control field 01862nam a2200421Ii 4500
001 - CONTROL NUMBER
control field on1017756907
003 - CONTROL NUMBER IDENTIFIER
control field OCoLC
005 - DATE AND TIME OF LATEST TRANSACTION
control field 20240220110444.0
008 - FIXED-LENGTH DATA ELEMENTS--GENERAL INFORMATION
fixed length control field 180328s2018 nyuab j 6 000 1 eng d
020 ## - INTERNATIONAL STANDARD BOOK NUMBER
International Standard Book Number 9780545942157
040 ## - CATALOGING SOURCE
Original cataloging agency ON8
Language of cataloging eng
Description conventions rda
Transcribing agency ON8
Modifying agency IGA
-- CaOL
-- KH8
082 ## - DEWEY DECIMAL CLASSIFICATION NUMBER
Classification number FIC SUT
100 1# - MAIN ENTRY--PERSONAL NAME
Personal name Sutherland, Tui T. ,
Relator term author.
245 10 - TITLE STATEMENT
Title Wings of fire.
Number of part/section of a work [Book 1],
Name of part/section of a work The dragonet prophecy :
Remainder of title the graphic novel /
Statement of responsibility, etc. [created] by Tui T. Sutherland ; adapted by Barry Deutsch ; art by Mike Holmes.
250 ## - EDITION STATEMENT
Edition statement First edition.
264 #1 - PRODUCTION, PUBLICATION, DISTRIBUTION, MANUFACTURE, AND COPYRIGHT NOTICE
Place of production, publication, distribution, manufacture New York :
Name of producer, publisher, distributor, manufacturer Graphix, an imprint of Scholastic,
Date of production, publication, distribution, manufacture, or copyright notice [2018]
300 ## - PHYSICAL DESCRIPTION
Extent 210 pages :
Other physical details chiefly colour illustrations, colour map ;
Dimensions 23 cm.
336 ## - CONTENT TYPE
Content type term text
Source rdacontent.
336 ## - CONTENT TYPE
Content type term still image
Source rdacontent.
337 ## - MEDIA TYPE
Media type term unmediated
Source rdamedia.
338 ## - CARRIER TYPE
Carrier type term volume
Source rdacarrier.
490 1# - SERIES STATEMENT
Series statement Wings of fire ;
Volume/sequential designation book 1.
500 ## - GENERAL NOTE
General note Adapted from the novel by Tui Sutherland.
520 ## - SUMMARY, ETC.
Summary, etc. Determined to end a generations-long war among the seven dragon tribes, a secret movement called the Talons of Peace draws on a prophecy that calls for a great sacrifice, compelling five appointed dragonets to fulfill a painful destiny against their will. -- Summary of Book 1.
650 #0 - SUBJECT ADDED ENTRY--TOPICAL TERM
Topical term or geographic name entry element Dragons
General subdivision Infancy
Form subdivision Juvenile fiction.
650 #0 - SUBJECT ADDED ENTRY--TOPICAL TERM
Topical term or geographic name entry element Prophecies
Form subdivision Juvenile fiction.
650 #0 - SUBJECT ADDED ENTRY--TOPICAL TERM
Topical term or geographic name entry element Friendship
Form subdivision Juvenile fiction.
650 #0 - SUBJECT ADDED ENTRY--TOPICAL TERM
Topical term or geographic name entry element Imaginary wars and battles
Form subdivision Juvenile fiction.
650 #0 - SUBJECT ADDED ENTRY--TOPICAL TERM
Topical term or geographic name entry element Voyages and travels
Form subdivision Juvenile fiction.
650 #7 - SUBJECT ADDED ENTRY--TOPICAL TERM
Topical term or geographic name entry element Fantasy fiction.
Source of heading or term genre.
650 #7 - SUBJECT ADDED ENTRY--TOPICAL TERM
Topical term or geographic name entry element Action and adventure fiction.
Source of heading or term lcgft
-- genre.
650 #7 - SUBJECT ADDED ENTRY--TOPICAL TERM
Topical term or geographic name entry element Graphic novels.
Source of heading or term genre.
650 #0 - SUBJECT ADDED ENTRY--TOPICAL TERM
Topical term or geographic name entry element Graphic novel adaptations.
Source of heading or term genre.
700 1# - ADDED ENTRY--PERSONAL NAME
Personal name Holmes, Mike
Titles and other words associated with a name (Comic book artist),
Relator term illustrator.
700 1# - ADDED ENTRY--PERSONAL NAME
Personal name Deutsch, Barry,
Relator term adaptor.
830 #0 - SERIES ADDED ENTRY--UNIFORM TITLE
Uniform title Wings of fire (Graphic novel) ;
Volume/sequential designation bk.1.
942 ## - ADDED ENTRY ELEMENTS (KOHA)
Source of classification or shelving scheme
Koha item type Graphic Novel
Holdings
Withdrawn status Lost status Source of classification or shelving scheme Damaged status Not for loan Collection code Permanent Location Current Location Shelving location Date acquired Total Checkouts Full call number Barcode Date last seen Date last checked out Price effective from Koha item type
          Fiction KH8 Senior School Library KH8 Senior School Library Graphic Novel 2024-02-20 2 FIC SUT 3KHSL000102036 2024-07-23 2024-05-15 2024-02-20 Graphic Novel
          Fiction KH8 Senior School Library KH8 Senior School Library Graphic Novel 2025-08-25 1 FIC SUT 3KHSL000102323 2025-11-06 2025-10-30 2025-08-25 Graphic Novel

Powered By KH8 IT Dept